[Event "Medellin de La Raza U2000 op"]
[Site "Medellin"]
[Date "2023.10.16"]
[Round "9"]
[White "Garcia, Andres Felipe"]
[Black "Laverde, Luis Eduardo"]
[Result "0-1"]
[WhiteElo "1618"]
[BlackElo "1954"]
[PlyCount "54"]
[EventDate "2023.10.12"]
[EventType "swiss"]
[EventRounds "9"]
[EventCountry "COL"]
[SourceTitle "Mega2024 Update 01"]
[Source "Chessbase"]
[SourceDate "2023.11.12"]
[SourceVersion "1"]
[SourceVersionDate "2023.11.12"]
[SourceQuality "1"]

1. e4 c5 2. Nf3 d5 3. exd5 Qxd5 4. Nc3 Qd8 5. Bc4 Nf6 6. 0-0 Nc6 7. h3 a6 8. a4 e6 9. Ne2 Be7 10. c3 0-0 11. Re1 Na5 12. Ba2 b5 13. d4 c4 14. Ng3 Bb7 15. Ne5 Qd5 16. f3 Rfd8 17. Bg5 h6 18. Bxf6 Bxf6 19. Nd3 Qg5 20. Ne4 Bxe4 21. Rxe4 cxd3 22. Rg4 Qe3+ 23. Kh1 Nc4 24. Bb1 Nxb2 25. Qb3 Nxa4 26. c4 Bxd4 27. Bxd3 Nc5 0-1

[Event "Medellin de La Raza U2000 op"]
[Site "Medellin"]
[Date "2023.10.12"]
[Round "1"]
[White "Barragan, Luis"]
[Black "Garcia, Andres Felipe"]
[Result "0-1"]
[WhiteElo "1086"]
[BlackElo "1618"]
[PlyCount "46"]
[EventDate "2023.10.12"]
[EventType "swiss"]
[EventRounds "9"]
[EventCountry "COL"]
[SourceTitle "Mega2024 Update 01"]
[Source "Chessbase"]
[SourceDate "2023.11.12"]
[SourceVersion "1"]
[SourceVersionDate "2023.11.12"]
[SourceQuality "1"]

1. e4 e5 2. Bc4 Nc6 3. a3 Nf6 4. d3 Bc5 5. h3 d5 6. exd5 Nxd5 7. Nf3 0-0 8. 0-0 Be6 9. Re1 Qf6 10. Nbd2 Bb6 11. Ne4 Qe7 12. Nfg5 h6 13. Qh5 Nd4 14. Bb3 hxg5 15. Nxg5 Nf6 16. Qh4 Nf5 17. Qb4 Qxb4 18. axb4 Bxb3 19. cxb3 Nd4 20. Rxe5 Nxb3 21. Rb1 Nxc1 22. Rxc1 Rfe8 23. Re4 Nxe4 0-1

[Event "Medellin Antioquia-ch"]
[Site "Medellin"]
[Date "2023.04.24"]
[Round "4"]
[White "Correal Gomez, Juana Fernanda"]
[Black "Garcia, Andres Felipe"]
[Result "1/2-1/2"]
[WhiteElo "1600"]
[BlackElo "1709"]
[PlyCount "63"]
[EventDate "2023.04.18"]
[EventType "swiss"]
[EventRounds "7"]
[EventCountry "COL"]
[SourceTitle "EXT 2024"]
[Source "ChessBase"]
[SourceDate "2023.10.10"]
[SourceVersion "1"]
[SourceVersionDate "2023.10.10"]
[SourceQuality "1"]

1. d4 Nf6 2. c4 c5 3. d5 b5 4. cxb5 a6 5. bxa6 Bxa6 6. Nc3 g6 7. e4 Bxf1 8. Kxf1 d6 9. g3 Bg7 10. Kg2 0-0 11. Nf3 Nbd7 12. a4 Qb6 13. Ra3 Rfb8 14. Re1 Ng4 15. Nd2 Nge5 16. Qe2 Qa6 17. Nb5 Nb6 18. b3 Qc8 19. a5 Nbd7 20. f4 Qa6 21. fxe5 Rxb5 22. exd6 exd6 23. Nc4 Ne5 24. Bf4 Nxc4 25. Qxc4 Rxa5 26. Rxa5 Qxa5 27. Rf1 Qb6 28. h4 Bd4 29. Rf3 h5 30. Qe2 Ra1 31. Be3 Bxe3 32. Qxe3 1/2-1/2

[Event "Medellin Antioquia-ch"]
[Site "Medellin"]
[Date "2023.04.19"]
[Round "2"]
[White "Garcia, Andres Felipe"]
[Black "Lopez, Juan D"]
[Result "0-1"]
[WhiteElo "1709"]
[BlackElo "1891"]
[PlyCount "72"]
[EventDate "2023.04.18"]
[EventType "swiss"]
[EventRounds "7"]
[EventCountry "COL"]
[SourceTitle "EXT 2024"]
[Source "ChessBase"]
[SourceDate "2023.10.10"]
[SourceVersion "1"]
[SourceVersionDate "2023.10.10"]
[SourceQuality "1"]

1. e4 c5 2. Nf3 d6 3. d4 cxd4 4. Nxd4 Nf6 5. Nc3 a6 6. Be2 e5 7. Nb3 Be7 8. f4 Qc7 9. Bf3 Be6 10. 0-0 Nbd7 11. Kh1 0-0 12. Be3 b5 13. a3 exf4 14. e5 fxe3 15. exf6 Nxf6 16. Bxa8 Rxa8 17. Qf3 d5 18. h3 Qe5 19. Qf4 Bd6 20. Qxe5 Bxe5 21. Nc5 Rc8 22. Nxa6 d4 23. Ne2 Rxc2 24. Rfe1 Ne4 25. Rad1 Rxe2 26. Rxe2 Ng3+ 27. Kg1 Nxe2+ 28. Kf1 Ng3+ 29. Ke1 Bc4 30. Nb4 Ne4 31. Nd3 Bg3+ 32. Ke2 Nc5 33. Kf3 Nxd3 34. b3 Bd5+ 35. Ke2 Nf4+ 36. Kf1 e2+ 0-1

[Event "Medellin Easter op 11th"]
[Site "Medellin"]
[Date "2023.04.09"]
[Round "7"]
[White "Garcia, Andres Felipe"]
[Black "Castro Lombana, Juan Pablo"]
[Result "1/2-1/2"]
[WhiteElo "1709"]
[BlackElo "1326"]
[PlyCount "51"]
[EventDate "2023.04.05"]
[EventType "swiss"]
[EventRounds "7"]
[EventCountry "COL"]
[SourceTitle "CBM 213 Extra"]
[Source "ChessBase"]
[SourceDate "2023.05.31"]
[SourceVersion "1"]
[SourceVersionDate "2023.05.31"]
[SourceQuality "1"]

1. e4 c5 2. Nf3 Nc6 3. d4 cxd4 4. Nxd4 e5 5. Nb5 d6 6. Be2 a6 7. N5c3 Be6 8. Be3 Nf6 9. f3 Qc7 10. 0-0 Be7 11. Nd5 Bxd5 12. exd5 Nd8 13. c4 0-0 14. Nc3 Nd7 15. Kh1 f5 16. f4 Nf7 17. b3 exf4 18. Bxf4 Bf6 19. Qc2 Nc5 20. Rae1 g6 21. g4 fxg4 22. Bxg4 Ne5 23. Bxe5 Bxe5 24. Ne4 Nxe4 25. Qxe4 Qa5 26. Qe2 1/2-1/2